[Event "Levitov Chess Week Blitz"]
[Site "Amsterdam NED"]
[Date "2019.08.03"]
[Round "1.1"]
[White "Gelfand, Boris"]
[Black "Giri, Anish"]
[Result "1/2-1/2"]
[WhiteTitle "GM"]
[BlackTitle "GM"]
[WhiteElo "2686"]
[BlackElo "2779"]
[WhiteFideId "2805677"]
[BlackFideId "24116068"]
[EventDate "2019.08.03"]

1. d4 Nf6 2. c4 e6 3. Nf3 d5 4. g3 Bb4+ 5. Bd2 Be7 6. Bg2 O-O 7. O-O Nbd7 8. Qb3
c6 9. Bf4 a5 10. Rd1 h6 11. a3 Nh5 12. Bc1 Nhf6 13. Qc2 b5 14. c5 Ne4 15. Be3 f5
16. Ne5 Nxe5 17. dxe5 Bd7 18. Bd4 Be8 19. f3 Ng5 20. Nd2 Bg6 21. Qc3 f4 22. e3
fxg3 23. hxg3 Qe8 24. f4 Ne4 25. Nxe4 Bxe4 26. Bxe4 dxe4 27. Qc2 Qg6 28. Kg2
Rfd8 29. b4 a4 30. Rh1 Rd5 31. Qe2 Rf8 32. Raf1 Bd8 33. Qh5 Qh7 34. g4 Rd7 35.
g5 Qf5 36. gxh6 g6 37. h7+ Kh8 38. Qxf5 gxf5 39. Rh6 Rxh7 40. Rfh1 Rg8+ 41. Kf2
Rg7 42. Bc3 Kg8 43. Rxh7 Rxh7 44. Rxh7 Kxh7 45. Kg3 Kg6 46. Kh3 Kh5 47. Be1 Be7
48. Bf2 Bd8 49. Be1 1/2-1/2

[Event "Levitov Chess Week Blitz"]
[Site "Amsterdam NED"]
[Date "2019.08.03"]
[Round "2.1"]
[White "Giri, Anish"]
[Black "Nepomniachtchi, Ian"]
[Result "1/2-1/2"]
[WhiteTitle "GM"]
[BlackTitle "GM"]
[WhiteElo "2779"]
[BlackElo "2774"]
[WhiteFideId "24116068"]
[BlackFideId "4168119"]
[EventDate "2019.08.03"]

1. e4 c6 2. d3 d5 3. Nf3 Bg4 4. h3 Bh5 5. Nc3 e6 6. g4 Bg6 7. Qe2 d4 8. Nb1 c5
9. h4 h5 10. Ne5 Bh7 11. g5 Qc7 12. Nc4 Bg6 13. a4 Nc6 14. f4 f6 15. Bh3 e5 16.
fxe5 Nxe5 17. Nba3 Nxc4 18. Nxc4 Bd6 19. e5 Bxe5 20. Bf4 Ne7 21. Nxe5 fxe5 22.
Bxe5 Qa5+ 23. Qd2 Qxd2+ 24. Kxd2 O-O 25. Raf1 Nf5 26. Bxf5 Rxf5 27. Rxf5 Bxf5
28. Bd6 b6 29. Re1 Rd8 30. Bg3 Kf7 31. b3 Rd7 32. Re5 g6 33. Re1 a6 34. Re5 Re7
35. a5 Rxe5 36. Bxe5 b5 37. Bd6 Ke6 38. Bxc5 Kd5 39. Bb6 Bg4 40. b4 Bf3 41. c3
dxc3+ 42. Kxc3 Bg4 43. Kd2 Bf5 44. Ke3 Bg4 45. Bc5 Bf5 1/2-1/2

[Event "Levitov Chess Week Blitz"]
[Site "Amsterdam NED"]
[Date "2019.08.03"]
[Round "2.2"]
[White "Bareev, Evgeny"]
[Black "Kramnik, Vladimir"]
[Result "1-0"]
[WhiteTitle "GM"]
[BlackTitle "GM"]
[WhiteElo "2643"]
[BlackElo "2753"]
[WhiteFideId "4100140"]
[BlackFideId "4101588"]
[EventDate "2019.08.03"]

1. c4 e5 2. g3 Nf6 3. Bg2 Bc5 4. e3 O-O 5. Nc3 Re8 6. Nge2 d6 7. O-O Nc6 8. d3
a6 9. h3 h6 10. Kh2 Ba7 11. Rb1 Ne7 12. b4 Ng6 13. b5 axb5 14. Nxb5 Bb8 15. Nbc3
c6 16. e4 Ba7 17. Qa4 Bd7 18. Qb3 Rb8 19. Be3 Bxe3 20. fxe3 b5 21. cxb5 cxb5 22.
Qb4 Bc6 23. Nd5 Bxd5 24. exd5 Qb6 25. e4 Nd7 26. Nc3 Nc5 27. Qxb5 Qa7 28. Qc4
Rbc8 29. Nb5 Qe7 30. Qb4 h5 31. h4 Ra8 32. a3 Nf8 33. Rfc1 Nfd7 34. Qd2 Nf6 35.
Bh3 Reb8 36. Rb4 Qd8 37. Rcb1 g6 38. Qe3 Kg7 39. d4 Rxb5 40. Rxb5 exd4 41. Qxd4
Nxe4 42. R5b3 Kg8 43. Rf1 Rc8 44. Bxc8 Qxc8 45. Rxf6 Qc2+ 46. Rf2 1-0

[Event "Levitov Chess Week Blitz"]
[Site "Amsterdam NED"]
[Date "2019.08.03"]
[Round "2.4"]
[White "Gelfand, Boris"]
[Black "Anand, Viswanathan"]
[Result "1/2-1/2"]
[WhiteTitle "GM"]
[BlackTitle "GM"]
[WhiteElo "2686"]
[BlackElo "2756"]
[WhiteFideId "2805677"]
[BlackFideId "5000017"]
[EventDate "2019.08.03"]

1. c4 e5 2. Nc3 Bb4 3. Nd5 Be7 4. d4 exd4 5. Qxd4 Nf6 6. Nxe7 Qxe7 7. Bg5 Nc6 8.
Qc3 Ne5 9. e3 h6 10. Bxf6 Qxf6 11. Ne2 d6 12. Nf4 O-O 13. Be2 Bf5 14. O-O Rae8
15. Nd5 Qd8 16. Rad1 c6 17. Nf4 Qc7 18. Rd2 Rd8 19. Rfd1 a6 20. Qa3 b5 21. cxb5
axb5 22. Rxd6 Rxd6 23. Qxd6 Qxd6 24. Rxd6 Ra8 25. a3 Kf8 26. f3 Ke7 27. Rd2 g5
28. Nh5 Be6 29. e4 Ra4 30. Ng3 b4 31. axb4 Rxb4 32. Nf1 f5 33. exf5 Bxf5 34. Ne3
Be6 35. Kf2 Rb3 36. g3 Rb4 37. Ng2 Nd7 38. Rc2 Nf6 39. Ne3 Nd5 40. Nc4 Nf6 41.
Ne5 Bd5 42. Ke1 Kd6 43. Nd3 Rb7 44. Nc5 Ra7 45. Kf2 Ra1 46. Nd3 Rh1 47. Kg2 Ra1
48. Nb4 Ra4 49. Nd3 Ra1 50. Rc1 Rxc1 51. Nxc1 Kc5 52. Kf2 Kb4 53. Ke3 c5 54.
Nd3+ Kb5 55. Kd2 Kc6 56. Ne5+ Kd6 57. Nc4+ Bxc4 58. Bxc4 Ke5 59. Ke3 Ne8 60. f4+
gxf4+ 61. gxf4+ Kf5 62. Bd3+ Ke6 63. Kf3 Nf6 64. Bc4+ Kd6 65. Kg3 Ke7 66. Kf3
Kd6 67. h3 Ke7 68. Ke3 Kd6 1/2-1/2

[Event "Levitov Chess Week Blitz"]
[Site "Amsterdam NED"]
[Date "2019.08.03"]
[Round "3.4"]
[White "Nepomniachtchi, Ian"]
[Black "Bareev, Evgeny"]
[Result "1/2-1/2"]
[WhiteTitle "GM"]
[BlackTitle "GM"]
[WhiteElo "2774"]
[BlackElo "2643"]
[WhiteFideId "4168119"]
[BlackFideId "4100140"]
[EventDate "2019.08.03"]

1. e4 e6 2. d4 d5 3. Nc3 Nf6 4. e5 Nfd7 5. f4 c5 6. Nf3 Nc6 7. Be3 Be7 8. Qd2 b6
9. Bb5 Bb7 10. h4 a6 11. Bxc6 Bxc6 12. h5 h6 13. g4 b5 14. Ne2 b4 15. f5 c4 16.
O-O Nf8 17. a3 c3 18. bxc3 bxa3 19. Nf4 Bb5 20. Rfb1 Qd7 21. f6 gxf6 22. exf6
Bxf6 23. Rxa3 Rg8 24. Qg2 e5 25. dxe5 Rxg4 26. exf6 Rxg2+ 27. Kxg2 Ne6 28. Nxe6
Qxe6 29. Rxb5 Qxe3 30. Rxd5 Kf8 31. Rd6 Qe4 32. Kg3 Qb7 33. c4 Kg8 34. c5 Kh7
35. Rad3 Qb2 36. c3 Qc1 37. c6 Rg8+ 38. Kf2 Qc2+ 39. Ke3 Re8+ 40. Kf4 Qc1+ 41.
Kg3 Rg8+ 42. Kf2 Qc2+ 43. Ke3 Re8+ 44. Kf4 Qc1+ 45. Kg3 Rg8+ 1/2-1/2

[Event "Levitov Chess Week Blitz"]
[Site "Amsterdam NED"]
[Date "2019.08.03"]
[Round "4.1"]
[White "Giri, Anish"]
[Black "Bareev, Evgeny"]
[Result "1-0"]
[WhiteTitle "GM"]
[BlackTitle "GM"]
[WhiteElo "2779"]
[BlackElo "2643"]
[WhiteFideId "24116068"]
[BlackFideId "4100140"]
[EventDate "2019.08.03"]

1. e4 e6 2. d4 d5 3. Nc3 Nf6 4. e5 Nfd7 5. f4 c5 6. Nf3 Nc6 7. Be3 Be7 8. Qd2 b6
9. Be2 Bb7 10. O-O O-O 11. Nd1 cxd4 12. Nxd4 Nxd4 13. Bxd4 Nc5 14. Nf2 Qc8 15.
Rfe1 Ne4 16. Nxe4 dxe4 17. c3 Rd8 18. Qe3 Qc6 19. a4 g6 20. a5 b5 21. b4 a6 22.
Bb6 Rd7 23. Red1 Rc8 24. Rxd7 Qxd7 25. Rd1 Bd5 26. g3 Qc6 27. Bd4 Bb3 28. Rd2
Rc7 29. Bf1 Bd5 30. Rd1 Bb3 31. Re1 Bd5 32. h3 Rd7 33. Kh2 h5 34. g4 hxg4 35.
hxg4 Rd8 36. Kg3 Bf8 37. Be2 Bg7 38. g5 Bf8 39. Rh1 Qb7 40. Kg4 Rc8 41. Bf1 Bg7
42. Bg2 Rc7 43. Re1 Bf8 44. Bxe4 Bxe4 45. Qxe4 Qc8 46. Re3 Rc4 47. Rd3 Rc6 48.
Kf3 Rc4 49. Ke2 Rc6 50. Kf2 Rc4 51. Kg2 Rc6 52. Qf3 Rc4 53. Bb6 Be7 54. Bd4 Kg7
55. Qh3 Kg8 56. Qf3 Kg7 57. Kg3 Kg8 58. Kg4 Bf8 59. Qh3 Qc6 60. Qf3 Qc8 61. Rd1
Rc6 62. Qh3 Rc4 63. Rh1 Bg7 64. Bc5 Rxc5 65. bxc5 Qxc5 66. Qf3 Bf8 67. Qa8 Qxc3
68. Rh8+ Kxh8 69. Qxf8+ Kh7 70. Qxf7+ Kh8 71. Qf8+ Kh7 72. Qh6+ Kg8 73. Qxg6+
Kh8 74. Qh6+ Kg8 75. Qxe6+ Kh8 76. g6 Qc7 77. Kh5 b4 78. f5 Qd8 79. Qf6+ Qxf6
80. exf6 1-0

[Event "Levitov Chess Week Blitz"]
[Site "Amsterdam NED"]
[Date "2019.08.03"]
[Round "5.3"]
[White "Nepomniachtchi, Ian"]
[Black "Gelfand, Boris"]
[Result "1-0"]
[WhiteTitle "GM"]
[BlackTitle "GM"]
[WhiteElo "2774"]
[BlackElo "2686"]
[WhiteFideId "4168119"]
[BlackFideId "2805677"]
[EventDate "2019.08.03"]

1. e4 c5 2. Nf3 Nc6 3. d4 cxd4 4. Nxd4 Nf6 5. Nc3 e5 6. Ndb5 d6 7. Nd5 Nxd5 8.
exd5 Nb8 9. Bd2 Be7 10. a4 O-O 11. a5 Bf5 12. Bb4 a6 13. Na3 Nd7 14. Nc4 Qc7 15.
g4 Be4 16. Rg1 Rac8 17. g5 f6 18. g6 Bxg6 19. Ra3 f5 20. Rag3 Nf6 21. b3 f4 22.
Rxg6 hxg6 23. Rxg6 Rce8 24. Bh3 Kf7 25. Bf5 Rh8 26. Qf3 Rxh2 27. Rg2 Rh1+ 28.
Kd2 Reh8 29. Qd3 e4 30. Bxe4 R8h3 31. Bg6+ Kf8 32. Qf5 Qd7 33. Qxf4 Rh4 34. Qe3
Nxd5 35. Qf3+ Nf6 36. Bd3 R1h3 37. Qe2 Rxd3+ 38. cxd3 Qf5 39. Kc2 Qd5 40. Rxg7
Kxg7 41. Qxe7+ Qf7 42. Qxd6 Rh5 43. Bc3 Rf5 44. f4 Kh7 45. Ne3 Ne8 46. Qd4 Rxf4
47. Qh8+ Kg6 48. Nc4 Rf2+ 49. Bd2 Qf6 50. Qxe8+ 1-0

[Event "Levitov Chess Week Blitz"]
[Site "Amsterdam NED"]
[Date "2019.08.03"]
[Round "5.4"]
[White "Bareev, Evgeny"]
[Black "Svidler, Peter"]
[Result "0-1"]
[WhiteTitle "GM"]
[BlackTitle "GM"]
[WhiteElo "2643"]
[BlackElo "2729"]
[WhiteFideId "4100140"]
[BlackFideId "4102142"]
[EventDate "2019.08.03"]

1. c4 g6 2. g3 c5 3. Bg2 Bg7 4. Nc3 Nc6 5. d3 e6 6. h4 h6 7. Be3 d6 8. Nh3 Nge7
9. Nf4 b6 10. Bd2 Bb7 11. Kf1 Qd7 12. a3 O-O 13. Rb1 Ne5 14. Bxb7 Qxb7 15. e4 f5
16. Nxe6 Nxd3 17. Nxg7 fxe4 18. Be3 Kxg7 19. Qg4 Nf5 20. Kg1 Rae8 21. Rh2 Ne5 0-1

[Event "Levitov Chess Week Blitz"]
[Site "Amsterdam NED"]
[Date "2019.08.03"]
[Round "6.1"]
[White "Giri, Anish"]
[Black "Svidler, Peter"]
[Result "0-1"]
[WhiteTitle "GM"]
[BlackTitle "GM"]
[WhiteElo "2779"]
[BlackElo "2729"]
[WhiteFideId "24116068"]
[BlackFideId "4102142"]
[EventDate "2019.08.03"]

1. e4 c5 2. Nf3 e6 3. c3 d5 4. exd5 exd5 5. Bb5+ Bd7 6. Qe2+ Be7 7. d4 Nf6 8.
dxc5 O-O 9. Be3 Re8 10. b4 a5 11. O-O Nc6 12. Bxc6 Bxc6 13. Nd4 Ne4 14. Qd3 Bf6
15. f3 axb4 16. fxe4 dxe4 17. Qd2 Be5 18. Qf2 f5 19. g3 Ra4 20. Qxf5 bxc3 21.
Qf7+ Kh8 22. Nc2 Bb5 23. Re1 Rf8 24. Qe6 Qd3 25. Bf4 Bxf4 26. gxf4 Qxc2 27. Qd6
Raa8 28. Qd4 e3 29. Qxe3 Bc6 30. Qf2 Qb2 0-1

[Event "Levitov Chess Week Blitz"]
[Site "Amsterdam NED"]
[Date "2019.08.03"]
[Round "6.2"]
[White "Gelfand, Boris"]
[Black "Bareev, Evgeny"]
[Result "1-0"]
[WhiteTitle "GM"]
[BlackTitle "GM"]
[WhiteElo "2686"]
[BlackElo "2643"]
[WhiteFideId "2805677"]
[BlackFideId "4100140"]
[EventDate "2019.08.03"]

1. Nf3 Nf6 2. d4 c5 3. d5 b5 4. c3 a6 5. a4 Bb7 6. axb5 Bxd5 7. bxa6 Rxa6 8.
Rxa6 Nxa6 9. e4 Bxe4 10. Bxa6 Bxb1 11. O-O Be4 12. Bg5 Qa8 13. Bb5 Qb7 14. Qa4
e6 15. Ne5 Bd6 16. Bxf6 gxf6 17. Bxd7+ Kf8 18. Bc6 Bxc6 19. Nxc6 Qc7 20. g3 Rg8
21. Rd1 Rg5 22. Qa8+ Kg7 23. Na5 Rd5 24. Rxd5 exd5 25. Qxd5 Qxa5 26. Qxd6 Qa1+
27. Kg2 Qa8+ 28. f3 c4 29. Qd4 Qc6 30. g4 Qc7 31. g5 Qc6 32. Kf2 Kg6 33. Qxf6+
Qxf6 34. gxf6 Kxf6 35. Ke3 Ke5 36. f4+ Kf5 37. h3 h5 38. Kf3 h4 39. Ke3 Ke6 40.
Ke4 Kf6 41. Kd4 Kf5 42. Kxc4 Kxf4 43. b4 Ke3 44. b5 f5 45. b6 f4 46. b7 f3 47.
b8=Q 1-0

[Event "Levitov Chess Week Blitz"]
[Site "Amsterdam NED"]
[Date "2019.08.03"]
[Round "7.3"]
[White "Bareev, Evgeny"]
[Black "Anand, Viswanathan"]
[Result "1/2-1/2"]
[WhiteTitle "GM"]
[BlackTitle "GM"]
[WhiteElo "2643"]
[BlackElo "2756"]
[WhiteFideId "4100140"]
[BlackFideId "5000017"]
[EventDate "2019.08.03"]

1. d4 Nf6 2. Nf3 d5 3. Bf4 e6 4. e3 Bd6 5. Nbd2 O-O 6. Bd3 b6 7. Ne5 Ba6 8. Bxa6
Nxa6 9. Qe2 Nb8 10. c3 Nbd7 11. O-O Bxe5 12. dxe5 Ne4 13. Nxe4 dxe4 14. Qc4 Nc5
15. Rfd1 Qc8 16. b4 Qa6 17. Qxa6 Nxa6 18. Rd4 c5 19. Rxe4 Rfd8 20. Bg5 Rd3 21.
bxc5 Nxc5 22. Rc4 Nd7 23. Rc7 Nxe5 24. Bf4 Ng6 25. Bg3 e5 26. h4 h5 27. a4 a5
28. Rc6 f6 29. Kf1 Ne7 30. Rxb6 Rxc3 31. Rb5 Nf5 32. Ke2 Nxg3+ 33. fxg3 Rd8 34.
Kf3 Ra8 35. Ra2 Kh7 36. Ke4 Rc4+ 37. Kf3 Kg6 38. Rb7 Rd8 39. Rb5 Ra8 40. Rb7 Ra6
41. Kf2 e4 42. Rb5 Rc1 43. g4 hxg4 44. Kg3 Rc3 45. Kf4 g3 46. h5+ Kh6 47. Rd2
Ra8 48. Rdd5 Rc2 49. Kxg3 Re2 50. Rxa5 Rxa5 51. Rxa5 Rxe3+ 52. Kf4 1/2-1/2

[Event "Levitov Chess Week Blitz"]
[Site "Amsterdam NED"]
[Date "2019.08.03"]
[Round "7.4"]
[White "Svidler, Peter"]
[Black "Gelfand, Boris"]
[Result "1-0"]
[WhiteTitle "GM"]
[BlackTitle "GM"]
[WhiteElo "2729"]
[BlackElo "2686"]
[WhiteFideId "4102142"]
[BlackFideId "2805677"]
[EventDate "2019.08.03"]

1. c4 c5 2. g3 g6 3. Bg2 Bg7 4. Nc3 Nc6 5. d3 d6 6. Qd2 e6 7. b3 Nge7 8. Bb2 O-O
9. h4 d5 10. h5 b6 11. hxg6 hxg6 12. Nf3 d4 13. Ne4 e5 14. O-O-O f6 15. g4 Bxg4
16. Rdg1 Qd7 17. Kb1 Kf7 18. Rh4 Rh8 19. Nfg5+ fxg5 20. Nxg5+ Kf8 21. Bxc6 Qxc6
22. Rhxg4 Ke8 23. Ne4 Kd7 24. b4 Bh6 25. Qe1 Rab8 26. Ka1 Qa4 27. bxc5 b5 28.
Qd1 Qxd1+ 29. Rxd1 bxc4 30. dxc4 Bg7 31. Bc1 Rb4 32. Bg5 Nc6 33. Bd2 Rxc4 34.
Rxg6 Bf8 35. Rb1 Kc7 36. Rb5 a6 37. Ba5+ Nxa5 38. Rxa5 Rc2 39. Ng3 Bxc5 40.
Raxa6 Kb7 41. Rae6 Ba3 42. Rb6+ Kc7 43. Rb3 Rc1+ 44. Rb1 Rb8 45. Rxc1+ Bxc1 46.
a4 Rb4 47. Ra6 Bd2 48. Ka2 Bc3 49. Ka3 Rb1 50. Re6 Ra1+ 51. Kb3 Rb1+ 52. Kc2 Ra1
53. Rxe5 Rxa4 54. Kd3 Ra2 55. Rd5 Rd2+ 56. Ke4 Kc6 57. f4 Rd1 58. Rd8 Kc7 59.
Rg8 d3 60. exd3 Re1+ 61. Kd5 Bd2 62. f5 Rd1 63. Ne4 Be3 64. Rg7+ Kd8 65. f6
Rxd3+ 66. Ke6 Bh6 67. Rh7 Re3 68. Rh8+ Kc7 69. Rxh6 1-0